000
00270nam a22001097a 4500
082
_a
621.3 CAR'P
100
_a
CARTER, HARLEY,DONKER, M
_9
80412
245
_a
PHOTO ELECTRIC DEVICES IN THEORY AND PRACTICE
260
_a
USA
_b
PHILIPS
_c
1963
300
_a
127P
942
_c
BK
999
_c
585353
_d
585353